Most Expensive La Liga Transfer Signings A-Z - Statistics

General Stats
  • This quiz has been taken 108 times
  • The average score is 21 of 26
Answer Stats
Letter Season Fee From To Answer % Correct
B 2023/24 €127.00m Borussia Dortmund Real Madrid Jude Bellingham
100%
C 2017/18 €135.00m Liverpool Barcelona Philippe Coutinho
97%
H 2019/20 €120.80m Chelsea Real Madrid Eden Hazard
96%
A 2024/25 €75.00m Manchester City Atletico Madrid Julián Alvarez
95%
R 2009/10 €94.00m Manchester United Real Madrid Cristiano Ronaldo
93%
N 2013/14 €88.00m Santos FC Barcelona Neymar
93%
D 2017/18 €148.00m Borussia Dortmund Barcelona Ousmane Dembélé
93%
E 2024/25 €47.50m Palmeiras Real Madrid Endrick
92%
F 2019/20 €127.20m Benfica Atletico Madrid João Félix
92%
G 2019/20 €120.00m Atletico Madrid Barcelona Antoine Griezmann
91%
V 2018/19 €45.00m Flamengo Real Madrid Vinicius Junior
91%
J 2019/20 €86.00m Ajax Barcelona Frenkie de Jong
88%
K 2009/10 €67.00m AC Milan Real Madrid Kaká
87%
S 2014/15 €81.72m Liverpool Barcelona Luis Suárez
87%
Z 2001/02 €77.50m Juventus Real Madrid Zinédine Zidane
87%
T 2022/23 €80.00m AS Monaco Real Madrid Aurélien Tchouaméni
84%
O 2024/25 €55.00m RB Leipzig Barcelona Dani Olmo
84%
L 2018/19 €72.00m AS Monaco Atletico Madrid Thomas Lemar
77%
I 2009/10 €69.50m Inter Milan Barcelona Zlatan Ibrahimović
76%
U 2016/17 €25.00m Olympique Lyon Barcelona Samuel Umtiti
75%
M 2019/20 €50.00m FC Porto Real Madrid Éder Militão
73%
P 2020/21 €60.00m Juventus Barcelona Miralem Pjanic
73%
Q 2003/04 €6.35m Sporting Lisbon Barcelona Ricardo Quaresma
68%
W 2004/05 €18.30m Newcastle United Real Madrid Jonathan Woodgate
43%
X 1991/92 €600k Sporting Lisbon Real Sociedad Carlos Xavier
24%
Y 2018/19 €6.00m Trabzonspor Celta de Vigo Okay Yokuşlu
10%
No matching quizzes found
Score Distribution
Percent of People with Each Score
Percentile by Number Answered
Your Score History
You have not taken this quiz